[Event "Le Port Marly Paribas blitz op"]
[Site "Le Port Marly"]
[Date "2014.??.??"]
[Round "10"]
[White "Karagyozian, Edgar"]
[Black "Delalande, Herve"]
[Result "1/2-1/2"]
[WhiteElo "2017"]
[BlackElo "1948"]
[PlyCount "52"]
[EventDate "2014.06.14"]
[EventType "swiss (blitz)"]
[EventRounds "15"]
[EventCountry "FRA"]
[SourceTitle "EXT 2015"]
[Source "ChessBase"]
[SourceDate "2014.11.20"]
[SourceVersion "1"]
[SourceVersionDate "2014.11.20"]
[SourceQuality "1"]

1. d4 Nf6 2. Nf3 e6 3. Nbd2 b6 4. e4 d6 5. Bd3 Bb7 6. Qe2 Nbd7 7. 0-0 Be7 8. b3 c5 9. c3 Qc7 10. Bb2 Nh5 11. g3 Nhf6 12. Rac1 a6 13. a4 Nf8 14. e5 Nd5 15. exd6 Bxd6 16. Ne4 Ng6 17. Nxd6+ Qxd6 18. dxc5 Qxc5 19. Be4 Ra7 20. c4 Nb4 21. Bd4 Qc7 22. Bxg7 Rg8 23. Bf6 Nf4 24. Qe3 Bxe4 25. Qxe4 Ng6 26. Rcd1 Ra8 1/2-1/2